Statistics for Asia geography selection quiz

Click here to take the quiz!

General Stats

  • This quiz has been taken 23 times
    (22 since last reset)
  • The average score is 73 of 80

Answer Stats

QuestionTileSelect% Correct
Countries of AsiaAndorraNo
100%
Capitals of AsiaAthensNo
100%
Countries of AsiaBoliviaNo
100%
Countries of AsiaBrazilNo
100%
Countries of AsiaCanadaNo
100%
Countries of AsiaChadNo
100%
Countries of AsiaChileNo
100%
Countries that are NOT in AsiaIndiaNo
100%
Countries that are NOT in AsiaIranNo
100%
Countries that are NOT in AsiaIraqNo
100%
Capitals of AsiaKyotoNo
100%
Countries that are NOT in AsiaMongoliaNo
100%
Capitals of AsiaMumbaiNo
100%
Capitals of AsiaNomeNo
100%
Capitals of AsiaOttawaNo
100%
Countries that are NOT in AsiaPakistanNo
100%
Countries of AsiaPanamaNo
100%
Capitals of AsiaParisNo
100%
Capitals of AsiaPerthNo
100%
Countries of AsiaPortugalNo
100%
Countries of AsiaUnited StatesNo
100%
Capitals of AsiaWashington DCNo
100%
Physical features of AsiaAlpsNo
94%
Physical features of AsiaAmazon Rain ForestNo
94%
Physical features of AsiaAmazon RiverNo
94%
Capitals of AsiaApiaNo
94%
Countries that are NOT in AsiaArgentinaYes
94%
Countries that are NOT in AsiaAustraliaYes
94%
Which countries are part of Asia and EuropeBrazilNo
94%
Countries that are NOT in AsiaCanadaYes
94%
Which countries are part of Asia and EuropeChadNo
94%
Countries that are NOT in AsiaChileYes
94%
Physical features of AsiaCook Islands and the Niue islandsNo
94%
Physical features of AsiaGulf of MexicoNo
94%
Physical features of AsiaHimalayasYes
94%
Countries of AsiaIcelandNo
94%
Countries of AsiaIndiaYes
94%
Countries of AsiaIranYes
94%
Countries that are NOT in AsiaItalyYes
94%
Physical features of AsiaLake MichiganNo
94%
Which countries are part of Asia and EuropeLibyaNo
94%
Which countries are part of Asia and EuropeMaliNo
94%
Capitals of AsiaMeccaNo
94%
Which countries are part of Asia and EuropeMoroccoNo
94%
Countries of AsiaNepalYes
94%
Capitals of AsiaNew DelhiYes
94%
Countries that are NOT in AsiaNorwayYes
94%
Countries of AsiaPakistanYes
94%
Physical features of AsiaRocky MountainsNo
94%
Physical features of AsiaSahara DesertNo
94%
Countries that are NOT in AsiaUnited StatesYes
94%
Which countries are part of Asia and EuropeAlgeriaNo
88%
Physical features of AsiaArabian DesertYes
88%
Physical features of AsiaBay of BengalYes
88%
Which countries are part of Asia and EuropeBoliviaNo
88%
Countries of AsiaChinaYes
88%
Physical features of AsiaGulf of OmanYes
88%
Capitals of AsiaHanoiYes
88%
Physical features of AsiaIndus RiverYes
88%
Capitals of AsiaIslamabadYes
88%
Countries of AsiaJapanYes
88%
Capitals of AsiaKabulYes
88%
Countries that are NOT in AsiaLibyaYes
88%
Capitals of AsiaTehranYes
88%
Countries that are NOT in AsiaTunisiaYes
88%
Countries that are NOT in AsiaVatican CityYes
88%
Physical features of AsiaYellow RiverYes
88%
Which countries are part of Asia and EuropeAndorraNo
82%
Capitals of AsiaMuscatYes
82%
Which countries are part of Asia and EuropeRussiaYes
82%
Physical features of AsiaTaiwanYes
82%
Which countries are part of Asia and EuropeTurkeyYes
82%
Which countries are part of Asia and EuropeIndonesiaNo
76%
Which countries are part of Asia and EuropeIraqNo
76%
Which countries are part of Asia and EuropeKuwaitNo
76%
Which countries are part of Asia and EuropeNorth KoreaNo
76%
Which countries are part of Asia and EuropeRomaniaNo
76%
Which countries are part of Asia and EuropeGreeceNo
71%
Countries that are NOT in AsiaEgyptNo
65%
Physical features of AsiaDeccan PlateauYes
41%

Score Distribution

Percentile by Number Answered

Percent of People with Each Score

Your Score History

You have not taken this quiz since the last reset